Fr. Conceicao Rodrigues College of Engineering

Building Hybrid android applications with JAVA and Javascript (Record no. 30540)

MARC details
000 -LEADER
fixed length control field 00379nam a2200157Ia 4500
082 ## - DEWEY DECIMAL CLASSIFICATION NUMBER
Classification number 5.133
Item number KHA
100 ## - MAIN ENTRY--PERSONAL NAME
Personal name Gok/Nizamettin/ Khanna Nitin
245 ## - TITLE STATEMENT
Title Building Hybrid android applications with JAVA and Javascript
260 ## - PUBLICATION, DISTRIBUTION, ETC.
Name of publisher, distributor, etc. Oreilly
Date of publication, distribution, etc. 2013
366 ## - TRADE AVAILABILITY INFORMATION
Publishers's discount category 20
300 ## - PHYSICAL DESCRIPTION
Extent 140
546 ## - LANGUAGE NOTE
Language note ENGLISH
-- electronics
650 ## - SUBJECT ADDED ENTRY--TOPICAL TERM
Topical term or geographic name entry element Android
654 ## - SUBJECT ADDED ENTRY--FACETED TOPICAL TERMS
Focus term android
942 ## - ADDED ENTRY ELEMENTS (KOHA)
Koha item type BOOK
Holdings
Withdrawn status Lost status Damaged status Not for loan Collection Home library Current library Date acquired Source of acquisition Cost, normal purchase price Inventory number Total Checkouts Full call number Barcode Date last seen Cost, replacement price Price effective from Koha item type
        CRC Fr. Agnel's C.Rodrigues College of Engineering Fr. Agnel's C.Rodrigues College of Engineering 17/03/2023 Book Service Syndicate 240.00 58 dt 11.06.2014   5.133 KHA 23188 17/03/2023 300.00   BOOK